Countries of the World Impossible - Statistics

General Stats
  • This quiz has been taken 20 times
  • The average score is 128 of 196
Answer Stats
Hint Hint Hint Country % Correct
de 404.0 89.9 Germany
83%
us 153 129 United States
83%
ad 384.0 118.7 Andorra
75%
bz 180.9 203.6 Belize
75%
ca 143 66 Canada
75%
cr 192.0 228.0 Costa Rica
75%
dk 401.5 73.5 Denmark
75%
dj 476.4 221.6 Djibouti
75%
sv 180.4 215.0 El Salvador
75%
fr 386 105 France
75%
ge 479 120 Georgia
75%
gt 177.4 210.0 Guatemala
75%
ie 363.0 82.5 Ireland
75%
it 416.4 124.2 Italy
75%
jo 462.3 158.9 Jordan
75%
kg 548.0 122.0 Kyrgyzstan
75%
lu 394.3 94.2 Luxembourg
75%
mx 151.0 182.0 Mexico
75%
nl 393 86.9 Netherlands
75%
ni 188.2 218.1 Nicaragua
75%
pa 198 232.5 Panama
75%
pt 361.7 127.6 Portugal
75%
sm 408.5 113.9 San Marino
75%
za 431 365 South Africa
75%
kr 669 139 South Korea
75%
es 372 127.5 Spain
75%
gb 377 86 United Kingdom
75%
va 408.5 120.7 Vatican City
75%
af 528.0 149.2 Afghanistan
67%
al 425.5 124.0 Albania
67%
dz 384.2 167.2 Algeria
67%
ao 420.0 301.2 Angola
67%
ar 234.0 373.0 Argentina
67%
au 683.0 342.0 Australia
67%
at 414.2 100.9 Austria
67%
bs 209.0 180.9 Bahamas
67%
bh 494.3 174.0 Bahrain
67%
by 443.4 81.2 Belarus
67%
be 391.0 91.0 Belgium
67%
bj 385.7 225.0 Benin
67%
bo 236.0 319.0 Bolivia
67%
ba 421.0 113.0 Bosnia and Herzegovina
67%
bw 435.0 336.1 Botswana
67%
br 266 294 Brazil
67%
bn 638.6 246.1 Brunei
67%
bg 437.8 117.9 Bulgaria
67%
bf 377.0 219.0 Burkina Faso
67%
kh 616.0 219.1 Cambodia
67%
cm 407.0 247.0 Cameroon
67%
cv 326.7 206.9 Cape Verde
67%
cl 218 384 Chile
67%
co 216.3 247.5 Colombia
67%
km 479.4 301.4 Comoros
67%
cd 433.0 267.2 Democratic Republic of the Congo
67%
cf 427.6 239.0 Central African Republic
67%
st 395.5 260.6 São Tomé and Príncipe
67%
dm 242.4 209.5 Dominica
67%
do 221 197 Dominican Republic
67%
ec 204.0 265.5 Ecuador
67%
eg 447.0 171.3 Egypt
67%
er 466.3 209.2 Eritrea
67%
ee 439.0 64.8 Estonia
67%
sz 451.3 350.1 Eswatini
67%
et 470.0 234.2 Ethiopia
67%
fj 782.9 320.1 Fiji
67%
gr 430 129 Greece
67%
gd 241.6 220.6 Grenada
67%
gy 248 242 Guyana
67%
hn 184.5 210.7 Honduras
67%
hu 424.4 103.1 Hungary
67%
is 341 43 Iceland
67%
in 556 185.9 India
67%
ir 501.3 152.5 Iran
67%
il 459.0 157.0 Israel
67%
ci 368.0 235.9 Ivory Coast
67%
jp 693.3 140.0 Japan
67%
kz 533.0 100.0 Kazakhstan
67%
ke 465.8 259.9 Kenya
67%
xk 427.5 118.5 Kosovo
67%
kw 487.0 162.9 Kuwait
67%
la 610.3 194.9 Laos
67%
lv 438.0 70.6 Latvia
67%
lb 461.7 146.8 Lebanon
67%
ls 444.0 360.5 Lesotho
67%
lr 359.2 239.6 Liberia
67%
li 402.0 103.1 Liechtenstein
67%
mg 486.0 324.3 Madagascar
67%
mw 456.0 307.0 Malawi
67%
mv 545.9 248.9 Maldives
67%
ml 377 202.2 Mali
67%
mt 412.9 141.1 Malta
67%
mh 760.6 232.2 Marshall Islands
67%
mr 354 195.5 Mauritania
67%
md 444.4 102.0 Moldova
67%
mn 614.2 104.1 Mongolia
67%
me 423.7 117.8 Montenegro
67%
ma 366.0 153.5 Morocco
67%
mm 597.0 188.5 Myanmar
67%
nr 755 264 Nauru
67%
nz 776.7 391.9 New Zealand
67%
ne 403.3 203.9 Niger
67%
ng 398.0 230.8 Nigeria
67%
kp 665.7 127 North Korea
67%
no 401.7 57 Norway
67%
om 509.33 187.2 Oman
67%
pk 535.7 164.2 Pakistan
67%
pw 680.5 241.3 Palau
67%
pg 703.7 282.4 Papua New Guinea
67%
py 248.9 339.7 Paraguay
67%
pe 208 292 Peru
67%
ph 657 220.6 Philippines
67%
ru 577 52 Russia
67%
rw 447.8 267.7 Rwanda
67%
sa 482.1 179.9 Saudi Arabia
67%
sn 347 212 Senegal
67%
rs 427.6 113.0 Serbia
67%
sc 506.5 276 Seychelles
67%
sg 614.2 256.7 Singapore
67%
sk 423.0 98.0 Slovakia
67%
si 413.0 106.5 Slovenia
67%
sb 742.1 295.0 Solomon Islands
67%
so 488 230 Somalia
67%
ss 449.6 239.5 South Sudan
67%
sd 448.5 209.5 Sudan
67%
se 414.3 60.5 Sweden
67%
ch 398.4 103.5 Switzerland
67%
sy 467.0 143.0 Syria
67%
tj 545.2 133.5 Tajikistan
67%
tz 459.1 282.5 Tanzania
67%
tg 383.0 232.4 Togo
67%
tt 242.5 226.6 Trinidad and Tobago
67%
tn 401 148 Tunisia
67%
tr 460.3 130.6 Turkey
67%
tv 785 295.3 Tuvalu
67%
ug 453.1 256.6 Uganda
67%
ua 450.6 96.0 Ukraine
67%
ae 502.0 182.5 United Arab Emirates
67%
uy 254.9 370.2 Uruguay
67%
uz 525 122.5 Uzbekistan
67%
vu 759 318.6 Vanuatu
67%
ve 232 235 Venezuela
67%
vn 624.3 219.9 Vietnam
67%
ye 488.3 208.2 Yemen
67%
ag 241.4 204.0 Antigua and Barbuda
58%
am 480.5 125.0 Armenia
58%
az 487.6 125.0 Azerbaijan
58%
bd 583.0 181.8 Bangladesh
58%
bb 246.5 217.0 Barbados
58%
bt 584.1 169.4 Bhutan
58%
bi 447.8 272.6 Burundi
58%
td 422.6 209.4 Chad
58%
cn 615.0 140.9 China
58%
hr 418.0 108.0 Croatia
58%
cy 455.3 143.7 Cyprus
58%
cz 414.0 93.8 Czech Republic
58%
tl 664.3 290.8 East Timor
58%
gq 404.0 255.8 Equatorial Guinea
58%
fi 437 52 Finland
58%
ga 406.5 264 Gabon
58%
gm 344 216 Gambia
58%
gh 378.2 234.5 Ghana
58%
gn 353.3 224.2 Guinea
58%
gw 347.7 220.3 Guinea-Bissau
58%
id 635.5 264 Indonesia
58%
iq 478.8 149.9 Iraq
58%
ki 21.0 272.0 Kiribati
58%
ly 419.3 172.9 Libya
58%
lt 434.3 76.3 Lithuania
58%
my 610.3 247.2 Malaysia
58%
mu 510.1 329.1 Mauritius
58%
mc 397.2 114.5 Monaco
58%
mz 467 309.5 Mozambique
58%
na 418 328 Namibia
58%
np 569.8 166.5 Nepal
58%
mk 429.5 121.7 North Macedonia
58%
pl 423.6 87.1 Poland
58%
qa 495.7 176.2 Qatar
58%
ro 436.7 107.1 Romania
58%
kn 239.4 203.4 Saint Kitts and Nevis
58%
lc 243.2 214.6 Saint Lucia
58%
vc 242.7 216.8 Saint Vincent and the Grenadines
58%
ws 802.8 307.7 Samoa
58%
lk 562 235.3 Sri Lanka
58%
sr 254.4 248.1 Suriname
58%
tw 652.9 182.1 Taiwan
58%
th 608.0 207.9 Thailand
58%
to 798.1 328.7 Tonga
58%
tm 513.0 130.6 Turkmenistan
58%
zm 438 310 Zambia
58%
zw 447.0 325.0 Zimbabwe
58%
cu 206.0 190.2 Cuba
50%
ht 218 196 Haiti
50%
jm 206 200.2 Jamaica
50%
cg 416.9 260.5 Republic of the Congo
50%
sl 354.0 232.9 Sierra Leone
50%
fm 717.7 235.2 Federated States of Micronesia
42%
No matching quizzes found
Score Distribution
Percent of People with Each Score
Percentile by Number Answered
Your Score History
You have not taken this quiz